| 000 | 00997nam a22002297a 4500 | ||
|---|---|---|---|
| 008 | 240604b mp ||||| |||| 00| 0 mon d | ||
| 035 | _a4181 | ||
| 040 |
_aDA0445040 _bmon _cMN-UlNLM _dMN-UlNLM _erda |
||
| 041 | _amon | ||
| 042 | _a13223 | ||
| 082 |
_221 _a070.4 _bБ.109 |
||
| 100 | _aБаасансүрэн Т. | ||
| 245 | 0 | _aМонголын чөлөөт хэвлэлийн хөгжилд үндэсний сэтгүүлчдийн уран чадвар нөлөөлсөн нь | |
| 264 |
_aУлаанбаатар _bМОНЦАМЭ агентлагийн ХҮ _c2009 |
||
| 300 | _a425 х. | ||
| 336 |
_2rdacontent _atext _btxt |
||
| 337 |
_2rdamedia _aunmediated _bn |
||
| 338 |
_2rdacarrier _avolume _bnc |
||
| 490 | _v4 | ||
| 650 | _aСэгүүлчид, Нийтлэл, Уран бүтээл, эрэгцүүлэл Гарчиг: Уран чадвар нь сэтгүүл зүйн хөдөлгөгч гол хүчин мөн, Нүд сэтгэлийн толь, г... | ||
| 942 |
_210-t _cBK |
||
| 999 |
_c740581 _d740638 |
||